Normal view
MARC view
Entry Personal Name
001 - CONTROL NUMBER
- control field: 30974
003 - CONTROL NUMBER IDENTIFIER
- control field: ARRUPE
005 - DATE AND TIME OF LATEST TRANSACTION
- control field: 20170523121724.0
008 - FIXED-LENGTH DATA ELEMENTS
- fixed length control field: 170523|| aca||aabn | a|a d
040 ## - CATALOGING SOURCE
- Original cataloging agency: ARRUPE
- Transcribing agency: ARRUPE
100 ## - HEADING--PERSONAL NAME
- Personal name: Tarimo, Aquiline ; Manwelo, Paulin eds.
670 ## - SOURCE DATA FOUND
- Source citation: Work cat.: (ARRUPE)66572: Ethnicity, Conflict, and the Future of African States, 2008